000 00707nam a2200193 a 4500
003 AM-YEHGA
005 20251204132206.0
008 251103s1948 ru |||||||||||||||1|rus|d
040 _aAM-YEHGA
041 0 _arus
100 1 _aКетлинская, Вера Казимировна
_d1906-1976
245 1 0 _aВ осаде :
_bРоман /
_cВера Кетлинская.
260 _aМосква :
_bМол. гвардия,
_c1948.
300 _a688 с. :
_bил.
650 1 4 _aЖенщина в Великой Отечественной войне (х. л.)
650 1 4 _aЛенинградцы в Великой Отечественной войне (х. л.)
942 _2udc
_cBK
001 2038648
999 _c539046
_d539046